000 006770000a22002050004500
090 _aAR
_b03603
245 1 0 _aPlaying safe in coordination games
_sthe role of risk dominance, payoff dominance, social history, and reputation
500 _a<Colección uso y valoración>
650 1 4 _aEconomía institucional
_959091
650 1 4 _aComportamiento económico
_995946
650 1 4 _aTeoría económica
_959092
650 1 4 _aTeoría de juegos
_994923
041 0 _aInglés
700 1 _aSchupp , Robert
_997290
700 1 _aWalker, James M.
_996411
700 1 _aOstrom, Elinor
_921771
100 1 _aSchmidt, David
_997291
942 _cARTICULO
773 1 _tPreprint
_q1-24
_d1998
999 _c12653
_d12653